Operations research: an introduction. (6th ed.) (Record no. 81594)

MARC details
000 -LEADER
fixed length control field 00766nam a2200193 a 4500
008 - FIXED-LENGTH DATA ELEMENTS--GENERAL INFORMATION
fixed length control field 120416s1997 ||||||||||||||||| || u
020 ## - INTERNATIONAL STANDARD BOOK NUMBER
International Standard Book Number 8120312228
050 ## - LIBRARY OF CONGRESS CALL NUMBER
Classification number T 57.6 Tah
100 ## - MAIN ENTRY--PERSONAL NAME
Personal name Taha, Hamdy A
245 10 - TITLE STATEMENT
Title Operations research: an introduction. (6th ed.)
250 ## - EDITION STATEMENT
Edition statement 6th ed.
260 ## - PUBLICATION, DISTRIBUTION, ETC. (IMPRINT)
Place of publication, distribution, etc New Delhi:
Name of publisher, distributor, etc Prentice-Hall of India
Date of publication, distribution, etc 1997
350 ## -
-- 0.00
650 #0 - SUBJECT ADDED ENTRY--TOPICAL TERM
Topical term or geographic name as entry element OPERATIONS RESEARCH
650 ## - SUBJECT ADDED ENTRY--TOPICAL TERM
Topical term or geographic name as entry element RESEARCH COLLABORATION
650 ## - SUBJECT ADDED ENTRY--TOPICAL TERM
Topical term or geographic name as entry element Programming (Mathematics)
995 ## - RECOMMENDATION 995 [LOCAL, UNIMARC FRANCE]
-- 0.00
-- CBU-MAIN LIBRARY (Kitwe)
-- 3
-- 65.00
-- 1
-- DAMAGED
-- Main Library Open Access Collection
995 ## - RECOMMENDATION 995 [LOCAL, UNIMARC FRANCE]
-- 0.00
-- CBU-MAIN LIBRARY (Kitwe)
-- 2
-- 65.00
-- 3
-- AVAILABLE
-- Short Loan Collection
Holdings
Withdrawn status Lost status Source of classification or shelving scheme Damaged status Not for loan Permanent Location Current Location Shelving location Date acquired Total Checkouts Full call number Barcode Date last seen Copy number Price effective from Koha item type
          CBU-MAIN LIBRARY, KITWE. CBU-MAIN LIBRARY, KITWE.   09/05/2023   T 57.6 Tah 44625 09/05/2023 1 09/05/2023 MONOGRAPH
          CBU-MAIN LIBRARY, KITWE. CBU-MAIN LIBRARY, KITWE.   09/05/2023   T 57.6 Tah 44626 09/05/2023 2 09/05/2023 SHORT LOAN COLLECTION